| 000 | 00780nam a2200241 4500 | ||
|---|---|---|---|
| 999 |
_c8460 _d8460 |
||
| 001 | 22144 | ||
| 003 | BD-DhUAP | ||
| 005 | 20240319141953.0 | ||
| 008 | 061121s2006 enka 000 0 eng | ||
| 020 | _a9780521704137 | ||
| 020 | _a0521704138 | ||
| 040 |
_aDLC _cBD-DhUAP _dBD-DhUAP _bEng |
||
| 082 |
_219 _a808.042 HAM |
||
| 100 | 1 | _aHamp-Lyons, Liz. | |
| 245 | 1 | 0 |
_aStudy writing : _ba course in writing skills for academic purposes / _cLiz Hamp-Lyons, Ben Heasley. |
| 250 | _a2nd ed. | ||
| 260 |
_aCambridge ; _aNew York : _bCambridge University Press, _c2010. |
||
| 300 |
_a213 p. : _bill. ; _c25 cm. |
||
| 650 | 0 |
_aEnglish language _xRhetoric _xProblems, exercises, etc. |
|
| 650 | 0 |
_aAcademic writing _xProblems, exercises, etc. |
|
| 700 | 1 | _aHeasley, Ben. | |
| 942 |
_2ddc _cBK |
||